Australian States by License Plates Picture Quiz - Statistics

General Stats
  • This quiz has been taken 73 times
  • The average score is 6 of 8
Answer Stats
Picture Answer % Correct
Queensland
85%
New South Wales
83%
Victoria
80%
South Australia
68%
Australian Capital Territory
63%
Northern Territory
63%
Tasmania
63%
Western Australia
63%
No matching quizzes found
Score Distribution
Percent of People with Each Score
Percentile by Number Answered
Your Score History
You have not taken this quiz